000 01823cam a22004694i 4500
003 PE-LiUPU
005 20250731172949.0
008 150623s1996 miua rb 000 0 eng d
020 _a0801090083
035 _a(Sirsi) i9780801090080
040 _aPE-LiUPU
_bspa
_cPE-LiUPU
_erda
049 _aPRUA
082 0 4 _a253.5
_bC27
_221
245 0 0 _aCounseling single adults :
_ba handbook of principles and advice /
_cDouglas L. Fagerstrom, ed. , Con prólogo de Jim Smoke.
264 1 _aMichigan :
_bBaker Books,
_c1996.
300 _a364 páginas :
_bilustraciones ;
_c24 centímetros
336 _atext
_2rdacontent
337 _aunmediated
_2rdamedia
338 _avolume
_2rdacarrier
504 _aBibliografía al final de cada capítulo.
505 0 _aOverview of counseling in the church -- Helping with difficult feelings and emotions -- Helping with difficult backgrounds and circustances -- Helping with difficult struggles -- Helping prevent potential problems.
526 _aSEG42
526 _aSEG41
526 _aSEG40
526 _aSEG39
526 _aP94
526 _aP87
526 _aP86
526 _aP85
526 _aP77
526 _aP76
526 _aP35
650 0 4 _aPersonas solteras
_xConsejo pastoral.
650 0 4 _aTrabajo de iglesia con personas solteras.
700 1 _aFagerstrom, Douglas L.,
_eed.
942 _2ddc
_cBOOK
949 _a253.5 C27
_wDEWEY
_c1
_i44903
_d2016-6-20
_e2016-6-12
_lCCODEBUL1
_mBUL
_n2
_r0
_sY
_tBOOK
_u2015-6-24
_xTEOLOGIA
_PP35
_0COMPRA
_o.STAFF. Colección Teología
994 _aC0
_bPEPRU
596 _a1
999 _a253.5 C27
_wDEWEY
_c21773
_i44903
_d21773
_e2019-5-14
_f2021-11-30
_g5
_lCCODEBUL1
_mBUL
_n3
_p20.00
_r0
_sY
_tBOOK
_u2015-6-24
_xTEOLOGIA
_PP35
_0COMPRA
_o.STAFF. Colección Teología
980 _81
_gALBERTO SANCHEZ Responsable de Automatización